[Event "Biel op"]
[Site "Biel"]
[Date "1995.??.??"]
[Round "6"]
[White "Psakhis, Lev"]
[Black "Wirthensohn, Heinz"]
[Result "1-0"]
[WhiteElo "2610"]
[BlackElo "2385"]

1.d4 Nf6 2.c4 e6 3.Nf3 d5 4.Nc3 Bb4 5.cxd5 exd5 6.Bg5 Nbd7 7.Qc2 c5 8.dxc5 h6
9.Bd2 Nxc5 10.a3 Bxc3 11.Bxc3 Nce4 12.e3 O-O 13.Bd3 Bg4 14.Ne5 Nxc3 15.Qxc3 Qb6
16.Nxg4 Nxg4 17.Qb4 Ne5 18.Qxb6 Nxd3+ 19.Kd2 axb6 20.Kxd3 Rfc8 21.Rac1 Rc6
22.Rc3 Rxc3+ 23.Kxc3 Rc8+ 24.Kb3 Kf8 25.Rd1 Rc5 26.Rd4 Ke7 27.h4 h5 28.Rb4 Rc6
29.Ka4 Rf6 30.f3 Kd7 31.Kb5 Kc7 32.Rd4 Rg6 33.Rxd5 Rxg2 34.b4 g6 35.Re5 Kd6
36.Re4 f6 37.a4 Ra2 38.Re8 g5 39.hxg5 fxg5 40.Rg8 Rg2 41.Kxb6 g4 42.Rh8 gxf3
43.Rxh5 Rg4 44.b5 Rxa4 45.Rf5 Re4 46.Rxf3 Re7 47.e4 Ke5 48.Rc3 Kxe4 49.Rc7 Re5
50.Rxb7 Kd5 51.Rc7 Kd6 52.Rc1 Kd7 53.Ka6 Re2 54.b6 Ra2+ 55.Kb7 Rd2 56.Kb8 Rb2
57.b7 Rb3 58.Rd1+ Ke7 59.Rd4 Rb1 60.Kc7  1-0

[Event "Biel op"]
[Site "Biel"]
[Date "1995.??.??"]
[Round "8"]
[White "Psakhis, Lev"]
[Black "Sturua, Zurab"]
[Result "1-0"]
[WhiteElo "2610"]
[BlackElo "2540"]

1.e4 d6 2.d4 Nf6 3.f3 e5 4.d5 c6 5.c4 Qb6 6.Nc3 Bd7 7.Na4 Qd8 8.Be3 cxd5
9.cxd5 Nxd5 10.Qxd5 Bxa4 11.Qxb7 Bc6 12.Qb3 Be7 13.Bc4 O-O 14.Ne2 Bh4+ 15.g3 Bg5
16.Bxg5 Qxg5 17.Rd1 Qh6 18.Qa3 Rd8 19.O-O Be8 20.Rd3 Nc6 21.Rfd1 g6 22.Rxd6 Rxd6
23.Rxd6 Rc8 24.Ba6 Rb8 25.Qc3 Qf8 26.Rd2 Nb4 27.Bc4 Rc8 28.b3 Bb5 29.Qxe5 Bxc4
30.bxc4 Rxc4 31.Kg2 Nc6 32.Qf6 Qg7 33.Qd6 Qe5 34.Qd7 Qc5 35.Nf4 Nd4 36.Nd3 Qa5
37.Rb2 Kg7 38.Qd6 Ne6 39.e5 Qd8 40.Qxd8 Nxd8 41.f4 a5 42.Kf3 h5 43.Ke3 Ne6
44.Nf2 Nc5 45.Rb5 a4 46.Kd2 Kf8 47.Rb2 Ke7 48.Rc2 Rd4+ 49.Ke3 Rd5 50.Rb2 f6
51.exf6+ Kxf6 52.Rd2 Ke6 53.Rd4 a3 54.Rc4 g5 55.fxg5 Rxg5 56.Ne4 Nxe4 57.Rxe4+ Kf6
58.Ra4 Rc5 59.Rxa3 Rc2 60.h3 Rh2 61.Ra6+ Kf7 62.h4 Rc2 63.Ra5 Kg6 64.Rg5+  1-0

[Event "Biel op"]
[Site "Biel"]
[Date "1995.??.??"]
[Round "11"]
[White "Psakhis, Lev"]
[Black "Sokolov, Andrei"]
[Result "1/2-1/2"]
[WhiteElo "2610"]
[BlackElo "2585"]

1.d4 Nf6 2.c4 e6 3.g3 d5 4.Bg2 dxc4 5.Nf3 c5 6.O-O Nc6 7.Ne5 Bd7 8.Na3 cxd4
9.Naxc4 Nxe5 10.Nxe5 Qb6 11.Nxd7 Nxd7 12.Qa4 Qb4 13.Qxb4 Bxb4 14.Bxb7 Rb8
15.Bc6 Ke7 16.Bxd7 Kxd7 17.Rd1 e5 18.e3 Rhc8 19.exd4 e4 20.a3 Bd6 21.b4 Rb5
22.Be3  1/2-1/2

[Event "Bled op"]
[Site "Bled"]
[Date "1995.??.??"]
[Round "1"]
[White "Kovacevic, Blazimir"]
[Black "Psakhis, Lev"]
[Result "0-1"]
[WhiteElo "2295"]
[BlackElo "2625"]

1.d4 Nf6 2.c4 e6 3.Nf3 b6 4.g3 Ba6 5.b3 Bb4+ 6.Bd2 Be7 7.Bg2 Bb7 8.O-O O-O
9.Nc3 Na6 10.Re1 d5 11.cxd5 exd5 12.Ne5 h6 13.Qb1 c5 14.Be3 Qc8 15.Rd1 Rd8
16.a3 Qe6 17.f4 Bf8 18.Bf2 Rac8 19.f5 Qe8 20.Qb2 Bd6 21.Nc4 Bb8 22.dxc5 Nxc5
23.Nd2 d4 24.Na4 Bxg2 25.Kxg2 Qxe2  0-1

[Event "Bled op"]
[Site "Bled"]
[Date "1995.??.??"]
[Round "2"]
[White "Psakhis, Lev"]
[Black "Mestrovic, Zvonimir"]
[Result "1-0"]
[WhiteElo "2625"]
[BlackElo "2415"]

1.e4 c5 2.Nf3 d6 3.d4 cxd4 4.Nxd4 Nf6 5.Nc3 a6 6.Be2 e5 7.Nb3 Be7 8.O-O O-O
9.Kh1 Be6 10.f4 Qc7 11.Nd5 Bxd5 12.exd5 e4 13.g4 Nfd7 14.g5 Re8 15.Be3 Nb6
16.f5 N8d7 17.f6 Bf8 18.Rc1 Nc4 19.Bxc4 Qxc4 20.Qd4 Ne5 21.Nd2 Qe2 22.Rce1 Qh5
23.Bf4 Rac8 24.fxg7 Bxg7 25.Qxe4 b5 26.c3 Qh3 27.Bg3 Qd7 28.Qg2 Nd3 29.Rxe8+ Rxe8
30.Ne4 Qg4 31.Nxd6 Re2 32.Qf3 Qxf3+ 33.Rxf3 Nxb2 34.Nf5 Nc4 35.Rd3 Nb6 36.a3 Nd7
37.h4 Be5 38.Bxe5 Rxe5 39.Rf3 Rxd5 40.Ne7+  1-0

[Event "Bled op"]
[Site "Bled"]
[Date "1995.??.??"]
[Round "3"]
[White "Sulava, Nenad"]
[Black "Psakhis, Lev"]
[Result "0-1"]
[WhiteElo "2420"]
[BlackElo "2625"]

1.Nf3 Nf6 2.g3 d5 3.Bg2 e6 4.O-O Be7 5.d3 c5 6.c3 Nc6 7.a3 b6 8.b4 Bb7 9.Nbd2 O-O
10.Bb2 Qc7 11.Qc2 Rac8 12.Rac1 Nb8 13.Qb1 Nbd7 14.c4 d4 15.b5 e5 16.Rce1 Bd6
17.e4 g6 18.Qd1 Nh5 19.Nh4 Ng7 20.Bh3 Rce8 21.Bc1 Kh8 22.Nb3 Be7 23.Ng2 f5
24.f3 Nf6 25.Bh6 Ng8 26.Bxg7+ Kxg7 27.Nd2 f4 28.Kh1 Bg5 29.Qe2 Qe7 30.Qf2 Rf7
31.a4 Rb8 32.Nb3 Bh6 33.a5 fxg3 34.hxg3 Nf6 35.axb6 axb6 36.Ra1 Nh5 37.Ra7 Be3
38.Nxe3 dxe3 39.Qg2 e2 40.Re1 Rxf3 41.Bc8 Nxg3+  0-1

[Event "Bled op"]
[Site "Bled"]
[Date "1995.??.??"]
[Round "6"]
[White "Psakhis, Lev"]
[Black "Soffer, Ram"]
[Result "1-0"]
[WhiteElo "2625"]
[BlackElo "2535"]

1.e4 c5 2.Nf3 e6 3.d3 Nc6 4.g3 d5 5.Qe2 Nge7 6.Bg2 g6 7.O-O Bg7 8.c3 b6 9.e5 Ba6
10.Re1 h6 11.h4 Nf5 12.Bf4 Qd7 13.Nbd2 Rc8 14.Nf1 Bb7 15.N1h2 Qe7 16.Ng4 Rd8
17.Qd2 Rh7 18.Rac1 Kf8 19.d4 c4 20.Bf1 Ke8 21.b3 Na5 22.b4 Nc6 23.Be2 Kd7
24.Bd1 Kc8 25.Bc2 Nb8 26.Kg2 Nd7 27.Rh1 h5 28.Ne3 Re8 29.Bg5 Qf8 30.Rce1 Kb8
31.Re2 Rc8 32.Rhe1 Bc6 33.Kg1 a6 34.Kf1 Ka7 35.Ng1 Rc7 36.Nh3 Bb7 37.Bd1 Ne7
38.Nf4 Qe8 39.Bc2 Rh8 40.Neg2 Rc8 41.Re3 Ng8 42.a4 Nh6 43.Kg1 Ng4 44.R3e2 Rc7
45.Qd1 Nh6 46.Nh3 Ng8 47.Ngf4 Nh6 48.Qb1 Nf8 49.Ng2 Ng8 50.b5 a5 51.f3 Nh6
52.Kf2 Nd7 53.Qc1 Bc8 54.Rg1 Qf8 55.Nhf4 Qe8 56.Nh3 Qf8 57.Ngf4 Qe8 58.Ke1 Nf5
59.Kd1 Rh7 60.Qd2 Qh8 61.Qe1 Bf8 62.Kc1 Bg7 63.Kb1 Bb7 64.Rh1 Nxe5 65.dxe5 d4
66.Bxf5 gxf5 67.cxd4 Bxf3 68.Rf1 Bxe2 69.Nxe2 Qf8 70.Qc3 Qa8 71.Nhf4 Bf8
72.Qf3 Qc8 73.Nc3 Bb4 74.Kc2 Rh8 75.Rd1 Rd7 76.Bf6 Rg8 77.Nxh5 Qf8 78.Bg5 Rc7
79.Nf6 Rh8 80.d5 Qa8 81.Qe3 Bc5 82.Qe2 exd5 83.Nfxd5 Rb7 84.h5 Qg8 85.Bf4 Qh7
86.Nf6 Qg7 87.Rd7 Rb8 88.Rxb7+ Rxb7 89.h6 Qh8 90.h7 Bf8 91.Ncd5 Bg7 92.Qxc4 Qf8
93.Kb3 Qd8 94.Be3  1-0

[Event "Catania op"]
[Site "Catania"]
[Date "1995.??.??"]
[Round "?"]
[White "Garcia Palermo, Carlos"]
[Black "Psakhis, Lev"]
[Result "0-1"]
[WhiteElo "2505"]
[BlackElo "2610"]

1.d4 e6 2.f4 c5 3.c3 Nf6 4.Nf3 b6 5.e3 g6 6.Bd3 Bb7 7.O-O Bg7 8.Qe2 Be4 9.Bxe4 Nxe4
10.Nbd2 Nxd2 11.Bxd2 d5 12.dxc5 bxc5 13.e4 O-O 14.Rad1 Qd6 15.Be3 Nd7 16.e5 Qc6
17.c4 Nb6 18.cxd5 Nxd5 19.Nd2 Rab8 20.Nc4 Qa6 21.Bxc5 Rfc8 22.Bd6 Ra8 23.Rd4 Qxa2
24.g4 Rc6 25.f5 Rac8 26.fxe6 fxe6 27.Qf3 Rxc4 28.Qf7+ Kh8 29.Qxe6 Qb3 30.Rxd5 Qe3+
31.Kh1  0-1

[Event "Groningen op"]
[Site "Groningen"]
[Date "1995.??.??"]
[Round "?"]
[White "Ristic, Nenad"]
[Black "Psakhis, Lev"]
[Result "1-0"]
[WhiteElo "2400"]
[BlackElo "2610"]

1.d4 Nf6 2.Nf3 e6 3.Bg5 c5 4.e3 Qb6 5.Nbd2 Qxb2 6.Bd3 Qc3 7.O-O d5 8.Re1 cxd4
9.Bxf6 gxf6 10.e4 Qa5 11.Nb3 Qd8 12.exd5 Qxd5 13.Nfxd4 Nd7 14.c4 Qg5 15.Nb5 Kd8
16.g3 a6 17.f4 Qh6 18.N5d4 Rg8 19.Qf3 Nc5 20.Rad1 Kc7 21.Bf1 Bd7 22.Bg2 Rb8
23.Kh1 Qg6 24.Qe3 b6 25.Qf3 Bd6 26.Nc6 Rgc8 27.Nxb8 Rxb8 28.Nxc5 bxc5 29.Qa3 Rb6
30.Qa5  1-0

[Event "Groningen op"]
[Site "Groningen"]
[Date "1995.??.??"]
[Round "?"]
[White "Perdomo, Carlos Andres"]
[Black "Psakhis, Lev"]
[Result "0-1"]
[WhiteElo "2320"]
[BlackElo "2610"]

1.e4 c5 2.b3 b6 3.Bb2 Bb7 4.Nc3 Nc6 5.Nf3 e6 6.d4 cxd4 7.Nxd4 Bc5 8.Ndb5 Qb8
9.Nd5 Kf8 10.Ndc7 a6 11.Qxd7 Nf6 12.Bxf6 gxf6 13.Nxe6+ fxe6 14.Nc7 Nd4 15.O-O-O Bc6
16.Nxe6+ Nxe6 17.Qxc6 Qf4+ 18.Kb1 Re8 19.Bc4 Qc7 20.Qd5 b5 21.Be2 Nf4 22.Qf5 Qe5
23.Qxe5 fxe5 24.Bf3 Ke7 25.g3 Ne6 26.Rd5 Bd4 27.Bg4 Nc5 28.c3 Bxf2 29.Rxe5+ Kd6
30.Rd5+ Kc7 31.e5 h5 32.Bf5 Rh6 33.Rf1 Be3 34.Re1 Kc6 35.c4 bxc4 36.bxc4 Bg5
37.Kc2 h4 38.gxh4 Rxh4 39.Rd6+ Kc7 40.Kc3 Rxe5 41.Rxe5 Kxd6 42.Rd5+ Kc6 43.Bd7+ Nxd7
44.Rxg5 Rxh2 45.Rg6+ Kb7 46.Rg7 Kc7 47.a4 Rh5 48.Kd4 Ra5 49.Kc3 Rxa4 50.Kb3 Ra5
51.Kb4 Rf5 52.Rh7 Rg5 53.Ka4 Rc5 54.Kb4 Kc6 55.Rh6+ Kb7 56.Rh7 Rc7 57.Ka5 Nb8
58.Rh4 Nc6+ 59.Ka4 Kb6 60.Rh5 Re7 61.c5+ Kb7 62.Kb3 a5 63.Rh4 Ka6 64.Kc4 Re1
65.Rh7 Rc1+ 66.Kd5 Nb4+ 67.Kd4 Kb5  0-1

[Event "Groningen op"]
[Site "Groningen"]
[Date "1995.??.??"]
[Round "?"]
[White "Tratar, Marko"]
[Black "Psakhis, Lev"]
[Result "1/2-1/2"]
[WhiteElo "2405"]
[BlackElo "2610"]

1.d4 e6 2.Nf3 c5 3.c4 cxd4 4.Nxd4 Nf6 5.Nc3 Bb4 6.g3 O-O 7.Bg2 d5 8.cxd5 Nxd5
9.Bd2 Bxc3 10.bxc3 e5 11.Nc2 Nc6 12.Nb4 Ndxb4 13.cxb4 Qb6 14.Qa4 Be6 15.Bxc6 bxc6
16.O-O Bc4 17.Be3 Qb5 18.Qxb5 cxb5 19.Rfe1 Rfd8 20.Kf1 f5 21.a3 Rf8 22.f3 f4
23.Bc5 Rf6 24.Kg2 e4 25.fxe4 Re8 26.Bxa7 fxg3 27.hxg3 Rxe4 28.Rad1 Bxe2 29.Rd8+ Kf7
30.Kg1 Rf3 31.Bb8 Rxa3 32.Rd7+ Kf6 33.Rd6+ Kf5 34.Rd7 Kg6 35.Rd6+ Kh5 36.Rd7 Kh6
37.Rd5 g5 38.Rxb5 Ra2 39.Rb7 Rc4 40.Re7 Rcc2 41.Kf2 Bg4+ 42.Ke3 Kg6 43.Kd4 Rab2
44.Rb7 Bf3 45.Rb6+ Kf5 46.Re3 Kg4 47.Rc3 Rd2+ 48.Kc4 Rd8 49.Bc7 Rd7 50.Bb8 Rd8
51.Bc7 Rd7 52.Bb8 Rbd2 53.Kb3 h5 54.Rc4+ Kh3 55.Rc3 Bg4 56.Ka3 R2d3  1/2-1/2

[Event "Haifa"]
[Site "Haifa"]
[Date "1995.??.??"]
[Round "1"]
[White "Alterman, Boris"]
[Black "Psakhis, Lev"]
[Result "1/2-1/2"]
[WhiteElo "2575"]
[BlackElo "2625"]

1.d4 e6 2.c4 Nf6 3.Nc3 Bb4 4.Qc2 d5 5.cxd5 Qxd5 6.Nf3 Qf5 7.Qb3 c5 8.a3 Ba5
9.Bd2 Nc6 10.dxc5 Qxc5 11.e3 O-O 12.Be2 e5 13.Na4  1/2-1/2

[Event "Haifa"]
[Site "Haifa"]
[Date "1995.??.??"]
[Round "4"]
[White "Psakhis, Lev"]
[Black "Greenfeld, Alon"]
[Result "1/2-1/2"]
[WhiteElo "2625"]
[BlackElo "2580"]

1.e4 c5 2.Nf3 Nc6 3.d4 cxd4 4.Nxd4 Nf6 5.Nc3 e5 6.Ndb5 d6 7.Bg5 a6 8.Na3 b5
9.Bxf6 gxf6 10.Nd5 Bg7 11.Bd3 Ne7 12.Nxe7 Qxe7 13.c4 f5 14.O-O O-O 15.Qf3 bxc4
16.Nxc4 d5 17.exd5 e4 18.Qe3 Bb7 19.Rfd1 Bxd5 20.Nb6 Rad8 21.Nxd5 Rxd5 22.Bxa6 Rxd1+
23.Rxd1 Qe6 24.Bf1 Qxa2 25.b4 Qa4 26.Rd5 Qxb4 27.Rxf5 Qd4 28.Qf4 Re8 29.Qc7 Bf6
30.Qc6 Re6 31.Qc8+ Kg7 32.Rf4 Be5  1/2-1/2

[Event "Haifa"]
[Site "Haifa"]
[Date "1995.??.??"]
[Round "5"]
[White "Dolmatov, Sergey"]
[Black "Psakhis, Lev"]
[Result "1/2-1/2"]
[WhiteElo "2605"]
[BlackElo "2625"]

1.e4 e6 2.d4 d5 3.Nc3 Nf6 4.Bg5 dxe4 5.Nxe4 Nbd7 6.Nf3 h6 7.Bh4 c5 8.Bxf6 Nxf6
9.Nxc5 Bxc5 10.dxc5 Qa5+ 11.Qd2 Qxc5 12.O-O-O O-O 13.Qd4  1/2-1/2

[Event "Haifa"]
[Site "Haifa"]
[Date "1995.??.??"]
[Round "10"]
[White "Psakhis, Lev"]
[Black "Svidler, Peter"]
[Result "0-1"]
[WhiteElo "2625"]
[BlackElo "2585"]

1.c4 e5 2.Nc3 f5 3.g3 Nc6 4.Bg2 g6 5.d3 Bg7 6.e4 d6 7.Nge2 Nh6 8.h4 fxe4
9.Bg5 Qd7 10.Bxe4 Nf5 11.Nd5 h6 12.Bd2 O-O 13.g4 Nfd4 14.Nxd4 Nxd4 15.g5 Qf7
16.Be3 Bf5 17.h5 gxh5 18.g6 Qd7 19.Qxh5 Nc2+ 20.Kf1 Nxe3+ 21.Nxe3 Be6 22.Bd5 Bxd5
23.Nxd5 c6 24.Ne3 Rf4 25.Rh4 Raf8 26.Rxf4 Rxf4 27.Ke2 e4 28.dxe4 Rxe4 29.Rd1 Qe6
30.Kf3 Re5 31.Qg4 Qf6+ 32.Ke2 Re6 33.b3 Qxg6 34.Qxg6 Rxg6 35.Nf5 Bf8 36.f4 Rf6
37.Ng3 Rxf4 38.Ke3 Rf6 39.Ne4 Re6 40.Kf4 Kf7 41.Ng3 Bg7 42.Nf5 Be5+ 43.Ke4 Kg6
44.Nh4+ Kg5 45.Ng2 h5  0-1

[Event "ISR-NLD m rapid"]
[Site "Internet"]
[Date "1995.??.??"]
[Round "1"]
[White "Psakhis, Lev"]
[Black "Van Wely, Loek"]
[Result "1/2-1/2"]
[WhiteElo "2625"]
[BlackElo "2575"]

1.d4 Nf6 2.c4 g6 3.Nc3 Bg7 4.e4 d6 5.f3 O-O 6.Nge2 Nbd7 7.Bg5 e5 8.d5 h6
9.Be3 Nh7 10.Qc2 a6 11.O-O-O f5 12.b4 Ndf6 13.Kb2 fxe4 14.Nxe4 Nxe4 15.fxe4 Qh4
16.Nc3 Nf6 17.g3 Qh5 18.Be2 Bg4 19.Rde1 Bxe2 20.Qxe2 Ng4 21.Qg2 Rf7 22.Bg1 Raf8
23.Re2 Nf6 24.Be3 Nh7 25.Rc1 Ng5 26.Rcc2 Nf3 27.Rc1 Nd4 28.Rf2 Rxf2+ 29.Bxf2 Ne2
30.Re1 Nxc3 31.Kxc3 Rf3+ 32.Re3 Rxe3+ 33.Bxe3 Qd1 34.Qc2 Qe1+ 35.Bd2 Qf2
36.Bc1 Qd4+ 37.Kb3  1/2-1/2

[Event "Portoroz op"]
[Site "Portoroz"]
[Date "1995.??.??"]
[Round "?"]
[White "Blees, Albert"]
[Black "Psakhis, Lev"]
[Result "0-1"]
[WhiteElo "2410"]
[BlackElo "2625"]

1.e4 e6 2.d4 d5 3.e5 c5 4.c3 Nc6 5.Nf3 Bd7 6.a3 c4 7.Be2 f6 8.O-O fxe5 9.Nxe5 Nxe5
10.dxe5 Bc5 11.Bh5+ g6 12.Bg4 h5 13.Bh3 g5 14.g4 hxg4 15.Bxg4 Qe7 16.Nd2 Nh6
17.b4 Bb6 18.a4 O-O-O 19.b5 Qh7 20.h3 Nxg4 21.Qxg4 Qxh3 22.Qg2 Rh4 23.Qxh3 Rxh3  0-1

[Event "Portoroz op"]
[Site "Portoroz"]
[Date "1995.??.??"]
[Round "?"]
[White "Bukic, Enver"]
[Black "Psakhis, Lev"]
[Result "0-1"]
[WhiteElo "2445"]
[BlackElo "2625"]

1.d4 e6 2.c4 Nf6 3.Nf3 b6 4.e3 Bb7 5.Bd3 c5 6.O-O g6 7.b3 Bg7 8.Bb2 O-O 9.Nc3 Nc6
10.dxc5 bxc5 11.Na4 d6 12.Rc1 Qe7 13.Qe2 Ng4 14.Bxg7 Kxg7 15.Qb2+ Kg8  0-1

[Event "Portoroz op"]
[Site "Portoroz"]
[Date "1995.??.??"]
[Round "?"]
[White "Psakhis, Lev"]
[Black "Podkriznik, Gregor"]
[Result "1-0"]
[WhiteElo "2625"]
[BlackElo "2240"]

1.c4 Nf6 2.Nc3 g6 3.e4 d6 4.d4 Bg7 5.f3 O-O 6.Nge2 Nbd7 7.Bg5 c5 8.d5 Ne5
9.Ng3 h6 10.Be3 e6 11.Be2 exd5 12.cxd5 a6 13.O-O h5 14.Qd2 Re8 15.Bg5 Qc7
16.f4 Ned7 17.e5 dxe5 18.f5 e4 19.d6 Qc6 20.fxg6 fxg6 21.Bc4+ Kh7 22.Nd5 Nxd5
23.Bxd5 Bd4+ 24.Qxd4 cxd4 25.Bxc6 bxc6 26.Rf7+ Kg8 27.Re7 Rf8 28.Nxe4 Rb8
29.Bh6 Rf5 30.Ng5  1-0

[Event "Portoroz op"]
[Site "Portoroz"]
[Date "1995.??.??"]
[Round "?"]
[White "Znidarcic, Andrej"]
[Black "Psakhis, Lev"]
[Result "0-1"]
[WhiteElo "2130"]
[BlackElo "2625"]

1.e4 c5 2.d4 cxd4 3.c3 dxc3 4.Nxc3 Nc6 5.Bc4 e6 6.Nf3 Qc7 7.O-O Nf6 8.Re1 Ng4
9.h3 Nge5 10.Bf4 d6 11.Bb5 a6 12.Bxc6+ bxc6 13.Rc1 f6 14.Nd4 c5 15.b4 cxd4
16.Nd5 Qb8 17.Rxc8+ Qxc8 18.Nb6 Qb7 19.Nxa8 Qxa8 20.Qxd4 Be7  0-1

[Event "Vienna op"]
[Site "Vienna"]
[Date "1995.??.??"]
[Round "?"]
[White "Rotstein, Arkadij"]
[Black "Psakhis, Lev"]
[Result "0-1"]
[WhiteElo "2475"]
[BlackElo "2610"]

1.Nf3 Nf6 2.c4 e6 3.g3 a6 4.Nc3 d5 5.d4 dxc4 6.Bg2 b5 7.Ne5 Nd5 8.O-O Bb7
9.Nxd5 exd5 10.e4 dxe4 11.Qh5 g6 12.Nxg6 fxg6 13.Qe5+ Qe7 14.Qxh8 Nd7 15.h4 O-O-O
16.Bg5 Qf7 17.Bh3 Re8 18.Qf6 Qd5 19.Be3 Kb8 20.Qg5 Qf7 21.a4 b4 22.Rfc1 Bd5
23.a5 Nf6 24.Bf1 Bd6 25.Rc2 Rh8 26.Bd2 e3 27.Be1 Re8 28.fxe3 Ne4 29.Qg4 b3
30.Rh2 h5 31.Qe2 Nxg3 32.Bxg3 Bxg3 33.Rh3 Bd6 34.Bg2 Bxg2 35.Kxg2 Re4 36.Qf3 Qd5
37.Rf1 c3 38.bxc3 b2 39.Rhh1 Rg4+ 40.Kf2 Qb3 41.Qd1 Qxc3 42.Rfg1 Bf4 43.Qe2 Bxe3+
44.Qxe3 Qc2+ 45.Kf3 Qf5+ 46.Ke2 Re4 47.Rb1 Rxe3+ 48.Kxe3 Qc2 49.d5 Kc8 50.Kd4 Kd7
51.Rhf1 Qa4+ 52.Kc3 Qxa5+ 53.Kxb2 Qb4+ 54.Kc2 Qxh4 55.Kc3 Qe7 56.Kd4 h4 57.Rb3 g5
58.Rbf3 Qb4+ 59.Ke5 g4 60.Rf7+ Kc8 61.R1f6 Qc3+ 62.Ke4 h3 63.Rc6 Qg3 64.Rh7 h2
65.Rch6 Qf3+ 66.Kd4 Qf4+ 67.Kc5 Qc1+ 68.Kd4 g3 69.d6 Qxh6 70.Rxh6 g2 71.Rh8+ Kb7  0-1

[Event "Vienna op"]
[Site "Vienna"]
[Date "1995.??.??"]
[Round "?"]
[White "Psakhis, Lev"]
[Black "Markowski, Tomasz"]
[Result "1-0"]
[WhiteElo "2610"]
[BlackElo "2495"]

1.e4 d6 2.d4 Nf6 3.f3 c5 4.d5 g6 5.c4 Bg7 6.Nc3 O-O 7.Bg5 e6 8.Qd2 exd5 9.cxd5 h6
10.Be3 Re8 11.Nge2 Nbd7 12.Nc1 Ne5 13.Be2 Nh7 14.O-O h5 15.Bh6 Bh8 16.Nd3 Nc4
17.Qc1 Bd7 18.Nf2 b5 19.a4 Na5 20.Nxb5 Nb3 21.Qc2 Nxa1 22.Rxa1 Qf6 23.Bd2 Bxb5
24.Bxb5 Red8 25.Bc3 Qe7 26.Re1 Bxc3 27.bxc3 Rab8 28.Bc6 Qf6 29.Nd3 c4 30.Nb2 Rb3
31.Rc1 Qf4 32.Nxc4 h4 33.Rf1 Rbb8 34.Qc1 Qxc1 35.Rxc1 Ng5 36.Kf2 Rb3 37.Ke3 f6
38.f4 Nf7 39.Kd4 Kg7 40.Re1 Rdb8 41.Bb5 Rd8 42.Kd3 Rc8 43.g3 hxg3 44.hxg3 Rc7
45.Be8 Nd8 46.Kc2 Rb8 47.Nxd6 Nb7 48.Nxb7 Rxe8 49.Nd6  1-0

[Event "Vienna op"]
[Site "Vienna"]
[Date "1995.??.??"]
[Round "1"]
[White "Psakhis, Lev"]
[Black "Ammann, Philipp"]
[Result "1-0"]
[WhiteElo "2610"]
[BlackElo "2220"]

1.c4 f5 2.g3 Nf6 3.Bg2 d6 4.Nc3 g6 5.d3 Bg7 6.e4 Nc6 7.Nge2 O-O 8.O-O Kh8
9.h3 Bd7 10.Kh2 a6 11.Be3 e6 12.Qd2 Qe7 13.f4 Rae8 14.Rae1 Qf7 15.b3 Re7
16.Ng1 Rd8 17.Nf3 Ng8 18.Bg1 Bc8 19.d4 fxe4 20.Ng5 Qe8 21.d5 Nb8 22.Bxe4 e5
23.f5 gxf5 24.Bxf5 Bxf5 25.Rxf5 Qg6 26.Rff1 Nf6 27.Ne6 Bh6 28.Qf2 Rf7 29.Nxd8 Ng4+
30.hxg4 Rxf2+ 31.Rxf2 Bd2 32.Rf8+ Kg7 33.Ref1 Bf4 34.Ne6+  1-0

[Event "Vienna op"]
[Site "Vienna"]
[Date "1995.??.??"]
[Round "2"]
[White "Bawart, Markus"]
[Black "Psakhis, Lev"]
[Result "1/2-1/2"]
[WhiteElo "2355"]
[BlackElo "2610"]

1.c4 e5 2.Nc3 Nc6 3.Nf3 f5 4.d4 e4 5.d5 exf3 6.dxc6 fxg2 7.cxd7+ Qxd7 8.Bxg2 Qxd1+
9.Nxd1 c6 10.Bf4 Be6 11.b3 O-O-O 12.h4 Bb4+ 13.Kf1 Nf6 14.Bf3 Bd6 15.Bxd6 Rxd6
16.Nb2 Rd4 17.Rd1 Rxd1+ 18.Nxd1 Nd7 19.Rg1 g6 20.Rg3 Ne5 21.Bg2 f4 22.Rc3 Rd8
23.Ke1 Kd7 24.Be4 Ke7 25.f3 Kf6 26.Nf2 Kg7 27.e3 Rf8 28.Ke2 a5 29.Nd3 Nxd3
30.Rxd3 a4 31.Rd1  1/2-1/2

[Event "Vienna op"]
[Site "Vienna"]
[Date "1995.??.??"]
[Round "3"]
[White "Psakhis, Lev"]
[Black "Onoprienko, Vladimir"]
[Result "1-0"]
[WhiteElo "2610"]
[BlackElo "2370"]

1.d4 Nf6 2.c4 g6 3.Nc3 Bg7 4.e4 O-O 5.Bg5 c5 6.d5 h6 7.Be3 Qa5 8.Qd2 e6 9.f3 exd5
10.cxd5 Re8 11.Bxh6 Bxh6 12.Qxh6 Nxd5 13.Bc4 Ne7 14.Nh3 d5 15.Ng5 Be6 16.exd5 Bxd5
17.Qh7+ Kf8 18.Bxd5 Nxd5+ 19.Kf2  1-0

[Event "Vienna op"]
[Site "Vienna"]
[Date "1995.??.??"]
[Round "5"]
[White "Psakhis, Lev"]
[Black "Bogdanov, Valentin"]
[Result "1/2-1/2"]
[WhiteElo "2610"]
[BlackElo "2445"]

1.e4 e6 2.d3 c5 3.Nf3 Nc6 4.g3 g6 5.Bg2 Bg7 6.O-O Nge7 7.c3 d6 8.d4 O-O 9.dxc5 dxc5
10.Qe2 b6 11.e5 a5 12.Re1 Ba6 13.Qe4 Bd3 14.Qh4 Qc7 15.Bg5 h6 16.Bf6 g5 17.Qh5 Rac8
18.Nbd2 Bg6 19.Qg4 Bf5 20.Qh5 Bg6 21.Qh3 Bf5 22.Qh5  1/2-1/2

[Event "Andorra"]
[Site "Andorra"]
[Date "1996.??.??"]
[Round "4"]
[White "Psakhis, Lev"]
[Black "Tejero, Jorge"]
[Result "1-0"]
[WhiteElo "2610"]
[BlackElo "2215"]

1.c4 f5 2.Nc3 Nf6 3.g3 d6 4.Bg2 g6 5.d3 Bg7 6.e4 O-O 7.Nge2 e5 8.O-O c6 9.exf5 gxf5
10.d4 Qe8 11.b3 exd4 12.Nxd4 Ne4 13.Bb2 Nd7 14.Rc1 Nxc3 15.Bxc3 f4 16.Nf3 fxg3
17.hxg3 Ne5 18.Nxe5 dxe5 19.Re1 Qf7 20.Qd2 Qh5 21.Qb2 Bh3 22.Re3 Rf5 23.Qe2 Bh6
24.Bxh3 Bxe3 25.Qxh5 Rxh5 26.Be6+  1-0

[Event "Andorra"]
[Site "Andorra"]
[Date "1996.??.??"]
[Round "5"]
[White "Pogorelov, Ruslan"]
[Black "Psakhis, Lev"]
[Result "1/2-1/2"]
[WhiteElo "2450"]
[BlackElo "2590"]

1.Nf3 b6 2.g3 Bb7 3.Bg2 Nf6 4.O-O d5 5.c4 dxc4 6.Na3 e6 7.Nxc4 Nbd7 8.Qc2 Be7
9.b3 O-O 10.Bb2 c5 11.d3 Qc7 12.e4 Rac8 13.Rac1 Rfd8 14.Qb1 b5 15.Ne3 Qb6
16.h3 Nb8 17.Ng4 Ne8 18.h4 Nc6  1/2-1/2

[Event "Andorra"]
[Site "Andorra"]
[Date "1996.??.??"]
[Round "6"]
[White "Psakhis, Lev"]
[Black "Pomes Marcet, Juan"]
[Result "1-0"]
[WhiteElo "2610"]
[BlackElo "2420"]

1.e4 d5 2.exd5 Qxd5 3.Nc3 Qa5 4.d4 Nf6 5.Nf3 Bf5 6.Bc4 e6 7.Bd2 c6 8.Ne4 Qc7
9.Ng3 Bg6 10.Qe2 Nbd7 11.O-O-O Bd6 12.Nh4 O-O-O 13.Nxg6 hxg6 14.Ne4 Bf4 15.g3 Bxd2+
16.Nxd2 Nb6 17.c3 Nxc4 18.Nxc4 Nd7 19.Qf3 Rdf8 20.h4 Nb6 21.Ne5 Nd7 22.Nd3 Qa5
23.a3 Qd5 24.Qe3 Rd8 25.Rhe1 Rhf8 26.Ne5 Nxe5 27.dxe5 Qa5 28.Qf4 Qc7 29.Rd6 Qe7
30.Red1 f6 31.Qb4 Rxd6 32.exd6 Qd7 33.Qg4 b6 34.Qxg6 Kb7 35.Qe4 Re8 36.f4 e5
37.f5 Rd8 38.c4 a5 39.b4 axb4 40.axb4 Ra8 41.Kb2 Kb8 42.Qc2 c5 43.bxc5 bxc5
44.Qd3 Ra4 45.Rb1 Ra6 46.Kc1+ Ka7 47.Qb3  1-0

[Event "Andorra"]
[Site "Andorra"]
[Date "1996.??.??"]
[Round "7"]
[White "Delchev, Aleksander"]
[Black "Psakhis, Lev"]
[Result "0-1"]
[WhiteElo "2510"]
[BlackElo "2590"]

1.e4 c5 2.Nf3 d6 3.d4 cxd4 4.Nxd4 Nf6 5.Nc3 a6 6.f4 e5 7.Nf3 Nbd7 8.a4 Be7
9.Bd3 O-O 10.O-O exf4 11.Kh1 Nh5 12.Nd4 Ndf6 13.Be2 g6 14.Bxh5 Nxh5 15.Nd5 Nf6
16.Bxf4 Nxd5 17.exd5 Bf6 18.Bh6 Re8 19.Qf3 Bxd4 20.Qxf7+ Kh8 21.c3 Be5 22.Rae1 Rg8
23.Bf8 Bf5 24.Be7 Rg7 25.Qxg7+ Kxg7 26.Bxd8 Rxd8 27.c4 Bd3  0-1

[Event "Andorra"]
[Site "Andorra"]
[Date "1996.??.??"]
[Round "8"]
[White "Psakhis, Lev"]
[Black "Rodriguez, Amador"]
[Result "1-0"]
[WhiteElo "2610"]
[BlackElo "2485"]

1.c4 c5 2.Nf3 Nc6 3.d4 cxd4 4.Nxd4 g6 5.e4 Nf6 6.Nc3 d6 7.Be2 Nxd4 8.Qxd4 Bg7
9.Be3 O-O 10.Qd2 Be6 11.O-O Qa5 12.Rab1 Rfc8 13.b3 a6 14.Rfc1 Rab8 15.f3 Kf8
16.b4 Qd8 17.Nd5 b5 18.a3 Rc6 19.a4 bxa4 20.Qa2 Bd7 21.Bd1 Nxd5 22.exd5 Rc7
23.Bxa4 Rcb7 24.Bxd7 Qxd7 25.c5 Rxb4 26.Rxb4 Rxb4 27.c6 Qc8 28.c7 Ke8 29.Qc2 f5
30.Qe2 Rb2 31.Qc4 Kf7 32.Bd4 Bxd4+ 33.Qxd4 Rb7 34.Qe3 Qxc7 35.Rxc7 Rxc7 36.Qa3 Rc5
37.Qxa6 Rxd5 38.Qc4 e6 39.Qc7+ Kg8 40.Qd8+ Kf7 41.Qd7+ Kf6 42.Qxh7  1-0

[Event "Benasque op"]
[Site "Benasque"]
[Date "1996.??.??"]
[Round "1"]
[White "Psakhis, Lev"]
[Black "Vera, G."]
[Result "1-0"]
[WhiteElo "2590"]
[BlackElo "2110"]

1.c4 e5 2.g3 Nc6 3.Bg2 g6 4.Nc3 Bg7 5.d3 f5 6.e4 Nge7 7.h4 d6 8.h5 Be6 9.Bg5 h6
10.Bxe7 Nxe7 11.hxg6 Nxg6 12.exf5 Bxf5 13.Bxb7 Rb8 14.Bc6+ Bd7 15.Be4 O-O
16.Qd2 Ne7 17.Nf3 c6 18.Rb1 Rf7 19.Nh4 Qf8 20.Ng6 Nxg6 21.Bxg6 Rf6 22.Be4 Qf7
23.b4 a6 24.a4 h5 25.Rh4 Rf8 26.Rb2 Qe8 27.Qd1 Bg4 28.Rxg4 hxg4 29.Qxg4 Rh6
30.b5 axb5 31.axb5 cxb5 32.cxb5 Qc8 33.Qxc8 Rxc8 34.b6 Kf7 35.b7 Rb8 36.Rb6 Rhh8
37.Ra6 Ke7 38.Nd5+ Kd7 39.Bf5+ Kd8  1-0

[Event "Benasque op"]
[Site "Benasque"]
[Date "1996.??.??"]
[Round "2"]
[White "Anglada, Jose Andres"]
[Black "Psakhis, Lev"]
[Result "0-1"]
[WhiteElo "2215"]
[BlackElo "2590"]

1.e4 e6 2.d4 d5 3.e5 c5 4.c3 Nc6 5.Nf3 Bd7 6.a3 c4 7.h4 Na5 8.Nbd2 Bc6 9.g3 Qd7
10.Bh3 Ba4 11.Qe2 Bc2 12.Qe3 h6 13.O-O Ne7 14.Ne1 Bh7 15.f4 h5 16.Nef3 Nf5
17.Qf2 Nh6 18.Ng5 Bd3 19.Re1 Ng4 20.Qf3 Bf5 21.Bf1 O-O-O 22.Nh3 f6 23.Qd1 g5
24.hxg5 fxe5 25.fxe5 h4 26.gxh4 Qh7 27.Nf3 Nb3 28.Bf4 Nxa1 29.Qxa1 Be4 30.Nd2 Bf5
31.Bg3 Be7 32.Qd1 Rdg8 33.Qf3 Nh6 34.Bg2 Bg4 35.Qe3 Nf5 36.Qf4 Bxh3 37.Bxh3 Bxg5  0-1